书目信息 |
| 题名: |
临床心脏生理学
|
|
| 作者: | Vassalle 著 ;何瑞荣 , 付绍萱 译 | |
| 分册: | ||
| 出版信息: | 北京 人民卫生出版社 1978.12 |
|
| 页数: | 219页 | |
| 开本: | 19cm | |
| 丛书名: | ||
| 单 册: | ||
| 中图分类: | R331.3 | |
| 科图分类: | ||
| 主题词: | 人体生理学 | |
| 电子资源: | ||
| ISBN: | ||
| 000 | 00655nam0 2200217 45 | |
| 001 | 0204171562 | |
| 005 | 20060815091236.14 | |
| 010 | @dCNY0.68 | |
| 091 | @a14048.3649 | |
| 100 | @a20020417d1978 km y0chiy0120 ea | |
| 101 | 0 | @achi |
| 200 | 1 | @a临床心脏生理学@ALin Chuang Xin Zang Sheng Li Xue@fMario Vassalle等著@FMario Vassalle Deng Zhu@g何瑞荣,付绍萱译 |
| 210 | @a北京@c人民卫生出版社@d1978.12 | |
| 215 | @a219页@d19cm | |
| 606 | 0 | @a人体生理学 |
| 690 | @aR331.3@v3 | |
| 701 | 0 | @aVassalle@4著 |
| 702 | 0 | @a何瑞荣@AHe Rui Rong@4译 |
| 702 | 0 | @a付绍萱@AFu Shao Xuan@4译 |
| 801 | @aCN@bTSTC@c20060815 | |
| 905 | @f2@b3609-610@f2@b3615-616@dR331.3@e98 | |
| 临床心脏生理学/Mario Vassalle等著/何瑞荣,付绍萱译.-北京:人民卫生出版社,1978.12 |
| 219页;19cm |
| ISBN :CNY0.68 |
| ● |
| 相关链接 |
|
|
|
|
正题名:临床心脏生理学
索取号:R331.3/98
 
预约/预借
| 序号 | 登录号 | 条形码 | 馆藏地/架位号 | 状态 | 备注 |
| 1 | 0003609 | 001791332 | 密集书库/ [索取号:R331.3/98] | 在馆 | |
| 2 | 0003610 | 001791378 | 密集书库/ [索取号:R331.3/98] | 在馆 | |
| 3 | 0003611 | 202191984 | 密集书库/ [索取号:R331.3/98] | 在馆 | |
| 4 | 0003615 | 001791172 | 密集书库/ [索取号:R331.3/98] | 在馆 | |
| 5 | 0003616 | 001791387 | 密集书库/ [索取号:R331.3/98] | 在馆 | |
| 6 | 0439613 | 204396135 | 密集书库/ [索取号:R331.3/98] | 在馆 | |
| 7 | 0439614 | 204396144 | 密集书库/ [索取号:R331.3/98] | 在馆 | |
| 8 | 0458385 | 204583851 | 密集书库/ [索取号:R331.3/98] | 在馆 |